000 00644nam a2200241 a 4500
001 0001-1117
003 ELIB.Books
008 150430 2010 eng
020 _a9971948370
035 _a(ELIB.Books)0001-1272
092 _a280.042
_bSte
100 _aStephens, Barbara
245 _aFinding The Way Together:
_bEducation for Ecumenical Understanding and Action
260 _aSingapore
_bCCA Education
_c1953
300 _a286
_c23 Cm
500 _aLibrary
650 _aEcumenical
856 _nKBTS: Library
_uKBTS: Elib
942 _2ddc
_cBK
990 _a1
998 _cbat
_e2015-04-30
999 _c11117
_d11117